SZA - My Turn (All Lyrics) - Statistics

General Stats
  • This quiz has been taken 3 times
  • The average score is 178 of 358
Answer Stats
Answer % Correct
a
100%
about
100%
baby
100%
care
100%
deserve
100%
do
100%
don't
100%
I
100%
it
100%
my
100%
My
100%
push
100%
see
100%
turn,
100%
turn
100%
you
100%
You
100%
you,
100%
all
50%
And
50%
and
50%
be
50%
Can't
50%
'cause
50%
dick,
50%
Even
50%
even
50%
for
50%
giving
50%
If
50%
if
50%
I'm
50%
in
50%
it's
50%
just
50%
know
50%
ledge
50%
let
50%
me
50%
of
50%
off
50%
Oh
50%
Oh,
50%
on
50%
Ooh,
50%
pretend
50%
regret
50%
the
50%
this
50%
This
50%
to
50%
too
50%
what
50%
yeah
50%
Yes,
50%
Yes
50%
your
50%
Your
50%
again
0%
ain't
0%
back
0%
bear
0%
before
0%
believe
0%
bitches
0%
blaming
0%
bummy
0%
burden
0%
busy
0%
but
0%
But
0%
by
0%
call
0%
Choosin'
0%
crash
0%
decide
0%
did
0%
diggin'
0%
done
0%
dummy
0%
enough,
0%
fair
0%
first
0%
focused
0%
forgivin'
0%
got
0%
gotta
0%
Had
0%
had
0%
Hit
0%
hit
0%
how
0%
hurtin'
0%
keep
0%
last,
0%
learnin'
0%
Life
0%
life
0%
like
0%
lookin'
0%
mama
0%
man
0%
mine
0%
money
0%
new
0%
no
0%
no,
0%
not
0%
nothing
0%
out
0%
Pack
0%
Pick
0%
Put
0%
raised
0%
regrets
0%
say
0%
seen
0%
shit,
0%
shit
0%
should've
0%
side,
0%
side
0%
some
0%
still,
0%
still
0%
Stuck
0%
they
0%
thick,
0%
thin,
0%
tried
0%
up
0%
up,
0%
wake
0%
was
0%
way
0%
were
0%
when
0%
who
0%
will
0%
without
0%
No matching quizzes found
Score Distribution
Percent of People with Each Score
Percentile by Number Answered
Your Score History
You have not taken this quiz